Gloutons et Dragons - Tous les personnages [avec image] - Statistiques

Statistiques générales
  • Ce quiz a été pris 8 fois
  • Le résultat moyen est 29 sur 70
Statistiques - réponses
Par images Réponse % Correct
Farynn Touden
100%
Laios Touden
100%
Marcyle Donato
100%
Senshi
100%
Capitaine Mithrun
67%
Izutsumi
67%
Kabru
67%
Kaka & Kiki
67%
le Lion Ailé
67%
Namari
67%
Pattadol
67%
Rinsha Fana
67%
Roi Delgal Merini
67%
Shuro
67%
Tylchak Tims
67%
Bahay
33%
Benichidori
33%
Brigan
33%
Cithis
33%
Coyote le Visionnaire
33%
Dandan
33%
Daya
33%
Donato
33%
Doni
33%
Eodio Merini
33%
Erique
33%
Fionil
33%
Flamela
33%
Fleki
33%
Flertom
33%
Freinag Merini
33%
Funghyl la Véloce
33%
Gillin
33%
Helki
33%
Hien
33%
Holm
33%
Inutade
33%
Invar
33%
Kuro
33%
Leed
33%
Lycion
33%
Maizuru
33%
Meijack
33%
Mickbell Tomas
33%
Milsiril la Taciturne
33%
Misyl
33%
Mme.Tansu
33%
Mr.Tansu
33%
Nils
33%
Noor
33%
Obrin
33%
Opa, Fils de Miképath
33%
Otta
33%
Pahsa
33%
Pohsa
33%
Puckpatti
33%
Reine des elfes
33%
Sheeta l'Oreille Fine
33%
Snow
33%
Sultha
33%
Thistle
33%
Toshinaze Nakamoto
33%
Toshitsugu Nakamoto
33%
Toshiyuki Nakamoto
33%
Totan
33%
Warntz
33%
Yaad
33%
Yughin la Cristalline
33%
Zon
33%
Asivia
0%
Aucun quiz correspondant
Distribution des résultats
% des personnes avec chaque résultat
Percentile par nombre de réponses
Votre historique - résultats
Vous n’avez pas pris ce quiz